00515nam a2200193 a 4500001001300000003000900013005001700022008004100039020001200080082001400092100001900106245004900125260003500174300000900209500003500218505002400253650002500277700001900302nice12345678IN_TiNIC20260116013439.0050524s1961 newa grp 000 0 eng  ac164.500a291bELI2 aEliade, Mircea aSacred and the Profaneb Nature of Religion. aNew YorkbHarper and Rowc1961 a255p aincludes index and biblioraphy2 aIndex, Bibliography aComparative Religion1 aEliade, Mircea